00469nam a2200193 a 4500001001300000003000900013005001700022008004100039020001000080082001500090100001700105245001800122260002600140300000900166500003500175505001300210650003500223700001700258nice12345678IN_TiNIC20260116011525.0050524s1903 leia grp 000 0 ara  ac10000a297.2bVBE aVbeger, A De aKitab Al Qadr aLeiden bBrill c1903 a213p aincludes index and biblioraphy2 aarchives aIslam-Doctrines-Predestination1 aVbeger, A De